000 00759nam a2200253Ia 4500
003 OSt
005 20220930075145.0
006 a|||||r|||| 00| 0
007 ta
008 220926b |||||||| |||| 00| 0 hin d
024 _a78905
037 _cTheses
040 _aCRL
_cCRL
_bhin
041 _2hin
_ahin
100 _aSharma Seema
110 _aUniversity of Delhi. Faculty of Arts. Department of Hindi
245 0 _aSatthottar hindi natakon mein vidambana ki rachnatmak bhoomika
260 _c2002
650 _aHINDI LITERATURE
_923866
700 _a Dr Madhuri Subodh Gu.
_9535791
700 _aUniversity of Delhi. Faculty of Arts. Department of Hindi
942 _cDIS
_2CC
999 _c867752
_d867752